Strategic business management / (Record no. 23867)
[ view plain ]
| 000 -LEADER | |
|---|---|
| fixed length control field | 00589nam a2200181 4500 |
| 005 - DATE AND TIME OF LATEST TRANSACTION | |
| control field | 20250924105435.0 |
| 008 - FIXED-LENGTH DATA ELEMENTS--GENERAL INFORMATION | |
| fixed length control field | 250924b |||||||| |||| 00| 0 eng d |
| 020 ## - INTERNATIONAL STANDARD BOOK NUMBER | |
| International Standard Book Number | 9781835357354 |
| 082 ## - DEWEY DECIMAL CLASSIFICATION NUMBER | |
| Classification number | DC 658.4012 St437 2025 |
| 100 ## - MAIN ENTRY--PERSONAL NAME | |
| Personal name | Stephens, Elisha., |
| 9 (RLIN) | 68081 |
| 245 ## - TITLE STATEMENT | |
| Title | Strategic business management / |
| Statement of responsibility, etc. | Elisha Stephens. |
| 260 ## - PUBLICATION, DISTRIBUTION, ETC. (IMPRINT) | |
| Place of publication, distribution, etc. | United Kingdom : |
| Name of publisher, distributor, etc. | ED-Tech Press, |
| Date of publication, distribution, etc. | ©2025. |
| 300 ## - PHYSICAL DESCRIPTION | |
| Extent | x, 284 pages : |
| Other physical details | illustrations ; |
| Dimensions | 26 cm. |
| 500 ## - GENERAL NOTE | |
| General note | Includes bibliography and index. |
| 650 #0 - SUBJECT ADDED ENTRY--TOPICAL TERM | |
| Topical term or geographic name as entry element | Strategic planning. |
| 9 (RLIN) | 68082 |
| 650 #0 - SUBJECT ADDED ENTRY--TOPICAL TERM | |
| Topical term or geographic name as entry element | Strategic Management. |
| 9 (RLIN) | 68083 |
| 942 ## - ADDED ENTRY ELEMENTS (KOHA) | |
| Source of classification or shelving scheme | Dewey Decimal Classification |
| Koha item type | Circulation |
| Withdrawn status | Lost status | Source of classification or shelving scheme | Damaged status | Not for loan | Collection code | Home library | Current library | Shelving location | Date acquired | Source of acquisition | Cost, normal purchase price | Total Checkouts | Full call number | Barcode | Date last seen | Date last checked out | Price effective from | Koha item type |
|---|---|---|---|---|---|---|---|---|---|---|---|---|---|---|---|---|---|---|
| Dewey Decimal Classification | Circulation | UM Digos College - LIC | UM Digos College - LIC | Book Cart | 08/11/2025 | Purchased | 7300.00 | 1 | DC 658.4012 St437 2025 | 29031 | 02/27/2026 | 02/26/2026 | 09/24/2025 | Circulation |
